[Event "23rd EUR-ch"]
[Site "Vrnjacka Banja SRB"]
[Date "2023.03.06"]
[Round "4.14"]
[White "Pultinevicius, Paulius"]
[Black "Shevchenko, Kirill"]
[Result "1/2-1/2"]
[WhiteElo "2546"]
[BlackElo "2668"]
[EventDate "2023.03.03"]
[PlyCount "62"]

1.d4 Nf6 2.c4 g6 3.Nc3 d5 4.cxd5 Nxd5 5.e4 Nxc3 6.bxc3 Bg7 7.Nf3 c5 8.Bb5+
Nc6 9.O-O O-O 10.Bxc6 bxc6 11.Qc2 cxd4 12.cxd4 Bg4 13.Ne5 Qxd4 14.Bb2 Qb6 
15.Rab1 Bxe5 16.Bxe5 Qa5 17.Bc3 Qc5 18.h3 Be6 19.Rfd1 Rab8 20.Rxb8 Rxb8 
21.Qb2 Re8 22.a4 Qc4 23.Rd4 Qb3 24.Qxb3 Bxb3 25.a5 c5 26.Rd7 a6 27.Rc7 Be6
28.Bd2 Rd8 29.Bg5 c4 30.Bxe7 Rc8 31.Rxc8+ Bxc8 1/2-1/2

[Event "23rd EUR-ch"]
[Site "Vrnjacka Banja SRB"]
[Date "2023.03.06"]
[Round "4.15"]
[White "Naer, Evgeny"]
[Black "Boruchovsky, Avital"]
[Result "1/2-1/2"]
[WhiteElo "2666"]
[BlackElo "2536"]
[EventDate "2023.03.03"]
[PlyCount "93"]

1.e4 e5 2.Nf3 Nc6 3.Bb5 a6 4.Ba4 Nf6 5.O-O Be7 6.d3 b5 7.Bb3 d6 8.c3 O-O 
9.h3 Na5 10.Bc2 c5 11.d4 cxd4 12.cxd4 Nc6 13.Nc3 Bd7 14.d5 Na5 15.Ne2 Qc7 
16.Ng3 Rfc8 17.Bd3 Nb7 18.Be3 Nc5 19.Rc1 Qb8 20.Bb1 b4 21.Bxc5 dxc5 22.Bd3
g6 23.Qd2 Ne8 24.Qe3 Bb5 25.Bc4 Ra7 26.b3 Bf8 27.Rc2 f6 28.Rfc1 Nd6 29.Nd2
Nf7 30.Qf3 Qb6 31.a4 bxa3 32.Ra1 Bh6 33.Ngf1 Kg7 34.Rxa3 Nd6 35.Ne3 Bd7 
36.Rca2 Rca8 37.Ra5 Nb7 38.R5a3 Nd6 39.Bf1 a5 40.Ndc4 Nxc4 41.Nxc4 Qb4 42.
Ra4 Bxa4 43.bxa4 Qb8 44.Na3 Qb4 45.Nc4 Qb8 46.Na3 Qb4 47.Nc4 1/2-1/2

[Event "23rd EUR-ch"]
[Site "Vrnjacka Banja SRB"]
[Date "2023.03.06"]
[Round "4.16"]
[White "Cheparinov, Ivan"]
[Black "Stocek, Jiri"]
[Result "1-0"]
[WhiteElo "2661"]
[BlackElo "2534"]
[EventDate "2023.03.03"]
[PlyCount "75"]

1.e4 c5 2.Nf3 d6 3.d4 cxd4 4.Nxd4 Nf6 5.Nc3 Nc6 6.Bg5 e6 7.Qd3 Bd7 8.O-O-O
a6 9.f4 Be7 10.Nf3 Rc8 11.Kb1 Qc7 12.Be2 d5 13.e5 Ng4 14.Bxe7 Nxe7 15.Rhf1
Nf5 16.Nd4 Nge3 17.Nxf5 Nxf5 18.g4 d4 19.Nd5 exd5 20.gxf5 g6 21.e6 fxe6 
22.fxg6 hxg6 23.Qxg6+ Ke7 24.Qg7+ Kd6 25.Bd3 Rxh2 26.Rh1 Rxh1 27.Rxh1 Kc5 
28.Rh7 Rd8 29.f5 e5 30.Rh6 Re8 31.a3 a5 32.f6 e4 33.f7 exd3 34.f8=Q+ Rxf8 
35.Qxf8+ Kc4 36.b3+ Kc3 37.Qf3 Bb5 38.Rh3 1-0

[Event "23rd EUR-ch"]
[Site "Vrnjacka Banja SRB"]
[Date "2023.03.06"]
[Round "4.17"]
[White "Kulaots, Kaido"]
[Black "Bacrot, Etienne"]
[Result "0-1"]
[WhiteElo "2525"]
[BlackElo "2659"]
[EventDate "2023.03.03"]
[PlyCount "94"]

1.e4 e6 2.d4 d5 3.e5 c5 4.c3 Nc6 5.Nf3 Qb6 6.a3 Nh6 7.Bd3 cxd4 8.O-O Bd7 
9.b4 a6 10.c4 dxc4 11.Bxc4 Nf5 12.Bd3 Be7 13.Nbd2 Qc7 14.Qe2 Na7 15.Ne4 h5
16.Bb2 Bb5 17.Bxb5+ Nxb5 18.Rac1 Qb6 19.Rfd1 Rd8 20.Nfd2 Na7 21.Nc4 Qb5 
22.a4 Qxa4 23.Ncd6+ Bxd6 24.Nxd6+ Nxd6 25.exd6 Nc6 26.Bxd4 Rxd6 27.Bxg7 
Rxd1+ 28.Rxd1 Rg8 29.Bf6 Rg6 30.Bc3 Rg5 31.h4 Qb5 32.Qf3 Rd5 33.Re1 Qd3 
34.Qf6 Qf5 35.Qh8+ Kd7 36.Qh6 e5 37.Qe3 Kc7 38.Rc1 Qf4 39.Qe1 f6 40.f3 Kc8
41.Rc2 Qc4 42.Rc1 Qf4 43.Rc2 Kd7 44.Re2 Qc4 45.Re3 Ne7 46.Kh2 Nf5 47.Re4 
Qb3 0-1

[Event "23rd EUR-ch"]
[Site "Vrnjacka Banja SRB"]
[Date "2023.03.06"]
[Round "4.18"]
[White "Grandelius, Nils"]
[Black "Yilmazyerli, Mert"]
[Result "1/2-1/2"]
[WhiteElo "2658"]
[BlackElo "2525"]
[EventDate "2023.03.03"]
[PlyCount "79"]

1.e4 e5 2.Nf3 Nf6 3.d4 Nxe4 4.Bd3 d5 5.Nxe5 Nd7 6.Nc3 Nxc3 7.bxc3 Bd6 8.
O-O O-O 9.Re1 c5 10.Nxd7 Qxd7 11.Qh5 g6 12.Qf3 c4 13.Bh6 Rd8 14.Be2 Qf5 
15.g4 Qxf3 16.Bxf3 Be6 17.a4 Bc7 18.h3 Ba5 19.Re3 a6 20.Bg2 b5 21.axb5 
axb5 22.f4 b4 23.Rf1 b3 24.cxb3 cxb3 25.f5 b2 26.fxe6 fxe6 27.Rxe6 Bxc3 
28.Be3 Rf8 29.Rb6 Rxf1+ 30.Kxf1 Ra1+ 31.Ke2 b1=Q 32.Bxd5+ Kg7 33.Rxb1 Rxb1
34.h4 Rb2+ 35.Kd3 Be1 36.h5 gxh5 37.gxh5 Rh2 38.h6+ Rxh6 39.Bxh6+ Kxh6 40.
Ke4 1/2-1/2

[Event "23rd EUR-ch"]
[Site "Vrnjacka Banja SRB"]
[Date "2023.03.06"]
[Round "4.19"]
[White "Alsina Leal, Daniel"]
[Black "Santos Latasa, Jaime"]
[Result "0-1"]
[WhiteElo "2522"]
[BlackElo "2655"]
[EventDate "2023.03.03"]
[PlyCount "84"]

1.d4 Nf6 2.c4 e6 3.Nc3 d5 4.cxd5 exd5 5.Bg5 c6 6.e3 Be7 7.Bd3 Nbd7 8.Qc2 
O-O 9.Nge2 Re8 10.O-O Nf8 11.f3 Be6 12.h3 Rc8 13.Rad1 Nh5 14.Bxe7 Qxe7 15.
e4 Ng6 16.e5 Nhf4 17.Bxg6 Nxe2+ 18.Qxe2 hxg6 19.f4 f6 20.Rf3 fxe5 21.fxe5 
Rf8 22.Rxf8+ Rxf8 23.Qe3 g5 24.Rf1 Rxf1+ 25.Kxf1 g4 26.hxg4 Bxg4 27.Kg1 
Qh4 28.Qf4 Qe1+ 29.Kh2 Be6 30.Qg5 Qf2 31.Qe7 Bf7 32.Qxb7 Qh4+ 33.Kg1 Qxd4+
34.Kf1 Qf4+ 35.Kg1 Qe3+ 36.Kf1 d4 37.Ne2 d3 38.Nc3 d2 39.Qc8+ Kh7 40.Qf5+ 
Bg6 41.Qh3+ Qxh3 42.gxh3 Bh5 0-1

[Event "23rd EUR-ch"]
[Site "Vrnjacka Banja SRB"]
[Date "2023.03.06"]
[Round "4.20"]
[White "Gledura, Benjamin"]
[Black "Horvath, Dominik"]
[Result "1-0"]
[WhiteElo "2637"]
[BlackElo "2521"]
[EventDate "2023.03.03"]
[PlyCount "79"]

1.Nf3 d5 2.g3 g6 3.Bg2 Bg7 4.O-O e5 5.d3 Ne7 6.e4 O-O 7.b4 dxe4 8.dxe4 
Qxd1 9.Rxd1 Be6 10.Be3 f6 11.Nc3 c6 12.Bf1 Kf7 13.Nd2 Nd7 14.Nc4 Nc8 15.
Na5 Rb8 16.b5 c5 17.Bc4 Ncb6 18.Bxe6+ Kxe6 19.Nd5 Rfc8 20.c4 Bf8 21.Rac1 
Bd6 22.Rc2 Nxd5 23.cxd5+ Ke7 24.Rdc1 Rc7 25.Nc4 b6 26.a4 a5 27.f4 Rf8 28.
Rf1 Rcc8 29.Rcf2 Bc7 30.g4 exf4 31.Bxf4 Bxf4 32.Rxf4 h6 33.Kg2 Rce8 34.h4 
Rb8 35.g5 hxg5 36.hxg5 fxg5 37.Rxf8 Nxf8 38.e5 Nd7 39.Re1 Rd8 40.Kg3 1-0

[Event "23rd EUR-ch"]
[Site "Vrnjacka Banja SRB"]
[Date "2023.03.06"]
[Round "4.21"]
[White "Rasulov, Vugar"]
[Black "Indjic, Aleksandar"]
[Result "1/2-1/2"]
[WhiteElo "2516"]
[BlackElo "2636"]
[EventDate "2023.03.03"]
[PlyCount "61"]

1.d4 Nf6 2.Nf3 e6 3.c4 c5 4.d5 d6 5.Nc3 exd5 6.cxd5 g6 7.h3 Bg7 8.e4 O-O 
9.Bd3 b5 10.Nxb5 Re8 11.O-O Nxe4 12.Re1 a6 13.Nc3 Nxc3 14.bxc3 Bxc3 15.
Rxe8+ Qxe8 16.Rb1 Nd7 17.Qa4 Qd8 18.Bf4 Ne5 19.Bxe5 Bxe5 20.Nxe5 dxe5 21.
Qc6 Bd7 22.Qxc5 Qg5 23.Qe3 Qxe3 24.fxe3 Bb5 25.Bxb5 axb5 26.Rxb5 Rxa2 27.
d6 Rd2 28.Rxe5 Rxd6 29.Kf2 Kg7 30.Ra5 Rd2+ 31.Kf3 1/2-1/2

[Event "23rd EUR-ch"]
[Site "Vrnjacka Banja SRB"]
[Date "2023.03.06"]
[Round "4.22"]
[White "Abasov, Nijat"]
[Black "Brunello, Sabino"]
[Result "1-0"]
[WhiteElo "2625"]
[BlackElo "2512"]
[EventDate "2023.03.03"]
[PlyCount "39"]

1.c4 c6 2.Nf3 d5 3.g3 Bg4 4.Ne5 Bf5 5.Qb3 Qb6 6.cxd5 Qxb3 7.axb3 Be4 8.
dxc6 Nxc6 9.f3 Nd4 10.Ra4 Bxb1 11.Rxd4 f6 12.Nd3 e5 13.Rc4 Bd6 14.Nc5 b5 
15.Rc3 Ne7 16.e4 b4 17.Rc4 Rb8 18.d4 exd4 19.Bf4 Bxf4 20.gxf4 1-0

[Event "23rd EUR-ch"]
[Site "Vrnjacka Banja SRB"]
[Date "2023.03.06"]
[Round "4.23"]
[White "Beerdsen, Thomas"]
[Black "Kovalev, Vladislav"]
[Result "1/2-1/2"]
[WhiteElo "2510"]
[BlackElo "2623"]
[EventDate "2023.03.03"]
[PlyCount "80"]

1.e4 e5 2.Nf3 Nc6 3.Bc4 Bc5 4.c3 Nf6 5.d4 exd4 6.b4 Bb6 7.e5 d5 8.exf6 
dxc4 9.Qe2+ Be6 10.b5 Na5 11.fxg7 Rg8 12.cxd4 Qd7 13.d5 Qxd5 14.Nc3 Qd3 
15.Qxd3 cxd3 16.Bh6 f6 17.O-O-O Rd8 18.Rhe1 Kf7 19.Re4 Bd5 20.Nxd5 Rxd5 
21.Rde1 Kg6 22.Bd2 Rc5+ 23.Kd1 Nc4 24.Bc3 Ne3+ 25.R1xe3 Rxc3 26.Nh4+ Kxg7 
27.Re7+ Kh8 28.Rh3 Rg5 29.f4 Rg7 30.Re8+ Rg8 31.Ng6+ Kg7 32.Re7+ Kxg6 33.
Rg3+ Kf5 34.Rxg8 Ra3 35.Rd7 Kxf4 36.Rg3 Ke4 37.Rg4+ Kf5 38.Rg3 Ke4 39.Rg4+
Kf5 40.Rg3 Ke5 1/2-1/2

[Event "23rd EUR-ch"]
[Site "Vrnjacka Banja SRB"]
[Date "2023.03.06"]
[Round "4.24"]
[White "Svane, Rasmus"]
[Black "Gines Esteo, Pedro Antonio"]
[Result "1-0"]
[WhiteElo "2620"]
[BlackElo "2500"]
[EventDate "2023.03.03"]
[PlyCount "65"]

1.e4 c6 2.d4 d5 3.e5 Bf5 4.h4 h5 5.Bd3 Bxd3 6.Qxd3 Qa5+ 7.b4 Qxb4+ 8.Nd2 
e6 9.Rb1 Qe7 10.c4 Nh6 11.Ne2 Nf5 12.Ng3 Nxg3 13.Qxg3 Qc7 14.O-O Nd7 15.
cxd5 cxd5 16.Ba3 Bxa3 17.Qxa3 Nb8 18.Rfc1 Nc6 19.Nf3 f6 20.Rc3 Kf7 21.Qc1 
Rae8 22.Rcb3 Rb8 23.R1b2 Rhc8 24.exf6 gxf6 25.Qh6 Rh8 26.Ng5+ fxg5 27.Rf3+
Ke7 28.Qxg5+ Ke8 29.Re2 Nxd4 30.Qg6+ Kd8 31.Qf6+ Kd7 32.Qg7+ Kd6 33.Qe5+ 
1-0

[Event "23rd EUR-ch"]
[Site "Vrnjacka Banja SRB"]
[Date "2023.03.06"]
[Round "4.25"]
[White "Fernandez, Daniel Howard"]
[Black "Ter-Sahakyan, Samvel"]
[Result "1/2-1/2"]
[WhiteElo "2498"]
[BlackElo "2616"]
[EventDate "2023.03.03"]
[PlyCount "84"]

1.c4 e5 2.Nc3 Bb4 3.Nd5 Be7 4.d4 exd4 5.Qxd4 Nf6 6.Nxe7 Qxe7 7.Bg5 Nc6 8.
Qc3 d6 9.Bxf6 Qxf6 10.Qxf6 gxf6 11.Nf3 Ne5 12.Nd2 Be6 13.e3 O-O-O 14.f3 d5
15.cxd5 Rxd5 16.Rc1 Rhd8 17.Rc2 f5 18.h4 h5 19.a3 a5 20.Be2 c6 21.Nf1 Nd3+
22.Bxd3 Rxd3 23.Ng3 Bb3 24.Rc1 Rg8 25.Ke2 Rd7 26.Rh3 Be6 27.Nxh5 Rxg2+ 28.
Kf1 Rxb2 29.Nf4 Kd8 30.h5 Ke7 31.h6 Rd8 32.h7 Rh8 33.a4 Rb4 34.Nxe6 fxe6 
35.Ra1 Rb2 36.Kg1 Rd2 37.f4 Kf7 38.Rb1 Rd7 39.Kf2 Ke8 40.Rbh1 Kd8 41.Rh6 
Re7 42.e4 fxe4 1/2-1/2

[Event "23rd EUR-ch"]
[Site "Vrnjacka Banja SRB"]
[Date "2023.03.06"]
[Round "4.26"]
[White "Warmerdam, Max"]
[Black "Kukhmazov, Arsen"]
[Result "0-1"]
[WhiteElo "2614"]
[BlackElo "2495"]
[EventDate "2023.03.03"]
[PlyCount "114"]

1.c4 Nf6 2.Nc3 e6 3.e4 c5 4.Nf3 Nc6 5.d4 cxd4 6.Nxd4 Bb4 7.Nxc6 bxc6 8.Bd3
e5 9.O-O O-O 10.h3 a5 11.Qc2 Bc5 12.Na4 Bd4 13.c5 d6 14.cxd6 Qxd6 15.Rd1 
Be6 16.Bd2 c5 17.Rac1 Rfc8 18.b3 h6 19.Be1 Nh5 20.Bf1 Qc6 21.Bc3 Qb7 22.
Re1 Nf6 23.Bb2 Bd7 24.Ba3 Bxa4 25.bxa4 Ne8 26.Bc4 Rab8 27.Rb1 Qa7 28.Rb3 
Nd6 29.Bd5 c4 30.Rg3 Rb6 31.Qe2 Ne8 32.Rf1 c3 33.Kh1 Rf6 34.Bc1 Rb8 35.Bb3
Qc7 36.Qh5 Rbb6 37.Qe2 Kh7 38.Rg4 Qe7 39.g3 Rfc6 40.Bc2 Nf6 41.Rh4 Nd7 42.
f4 Kg8 43.Bb3 Rg6 44.Kh2 exf4 45.Rhxf4 Rbf6 46.Rxf6 Rxf6 47.Rxf6 Qxf6 48.
Kg2 Nc5 49.Bc2 Ne6 50.Qf3 Qe5 51.Qf5 Qc7 52.Bb3 Nc5 53.Bf4 Qb7 54.Bc2 Qb2 
55.Qc8+ Kh7 56.Qf5+ g6 57.Qxf7+ Bg7 0-1

[Event "23rd EUR-ch"]
[Site "Vrnjacka Banja SRB"]
[Date "2023.03.06"]
[Round "4.27"]
[White "Subelj, Jan"]
[Black "Bernadskiy, Vitaliy"]
[Result "1/2-1/2"]
[WhiteElo "2496"]
[BlackElo "2611"]
[EventDate "2023.03.03"]
[PlyCount "77"]

1.e4 e5 2.Nf3 Nc6 3.Bb5 Nf6 4.d3 Bc5 5.Nbd2 d6 6.c3 O-O 7.O-O a5 8.h3 Ba7 
9.Re1 Ne7 10.d4 Ng6 11.Nf1 c6 12.Bd3 Re8 13.Ng3 Bb8 14.Be3 d5 15.dxe5 Nxe5
16.Nxe5 dxe4 17.Nxc6 bxc6 18.Bxe4 Bd7 19.Bf3 Bxg3 20.fxg3 Qb8 21.Qd2 Qxg3 
22.Bf4 Qg6 23.Kh2 h6 24.Rad1 Rac8 25.c4 a4 26.Be5 Bf5 27.Qf4 Re6 28.Rd6 
Rxd6 29.Bxd6 Be6 30.Be5 Qg5 31.b3 axb3 32.axb3 c5 33.Qxg5 hxg5 34.Bd6 g4 
35.hxg4 Bxg4 36.Re5 Bxf3 37.gxf3 Nd7 38.Re7 Nf8 39.Re5 1/2-1/2

[Event "23rd EUR-ch"]
[Site "Vrnjacka Banja SRB"]
[Date "2023.03.06"]
[Round "4.28"]
[White "Dardha, Daniel"]
[Black "Kovacevic, Aleksandar"]
[Result "1-0"]
[WhiteElo "2610"]
[BlackElo "2489"]
[EventDate "2023.03.03"]
[PlyCount "89"]

1.d4 Nf6 2.c4 e6 3.Nf3 b6 4.g3 Bb7 5.Bg2 Be7 6.O-O O-O 7.h4 Na6 8.Re1 d5 
9.cxd5 exd5 10.Nc3 c5 11.Bf4 Ne4 12.e3 cxd4 13.Nxd4 Nac5 14.Rc1 Bf6 15.b4 
Nxc3 16.Rxc3 Ne6 17.Nxe6 fxe6 18.Rc7 Rf7 19.Rxf7 Kxf7 20.Bh3 Qe7 21.Bg5 
Rc8 22.Bxf6 gxf6 23.Qh5+ Kg7 24.Qg4+ Kf7 25.Bf1 Rc3 26.Rd1 Bc8 27.Qf4 Kg7 
28.h5 h6 29.Qd4 Qc7 30.Qg4+ Kf8 31.b5 Qe5 32.Qb4+ Rc5 33.Qa3 Qc7 34.Rd4 
Qe7 35.Qd3 Qf7 36.Rg4 Qxh5 37.Rh4 Qg5 38.Qa3 Qg7 39.Ra4 Ke8 40.Rxa7 Rc7 
41.Ra8 Qe7 42.Qd3 Kd8 43.Qd4 Rc5 44.Qf4 h5 45.a4 1-0

[Event "23rd EUR-ch"]
[Site "Vrnjacka Banja SRB"]
[Date "2023.03.06"]
[Round "4.29"]
[White "Can, Emre"]
[Black "Gorodetzky, David"]
[Result "1-0"]
[WhiteElo "2600"]
[BlackElo "2488"]
[EventDate "2023.03.03"]
[PlyCount "133"]

1.d4 Nf6 2.c4 e6 3.Nf3 d5 4.g3 Bb4+ 5.Nbd2 O-O 6.Bg2 b6 7.O-O Bb7 8.Ne5 
Nbd7 9.Qa4 Bxd2 10.Bxd2 Nxe5 11.dxe5 Nd7 12.Rad1 Nxe5 13.cxd5 exd5 14.Bc3 
Re8 15.e4 Qd7 16.Qxd7 Nxd7 17.exd5 Nf6 18.Rd4 Rad8 19.Rfd1 Rd7 20.R4d3 
Red8 21.d6 cxd6 22.Bh3 Re7 23.Rxd6 Rde8 24.Rd8 h6 25.Bf1 Rxd8 26.Rxd8+ Kh7
27.h4 Bf3 28.Bd3+ Ne4 29.Rd5 Kg8 30.Re5 Rxe5 31.Bxe5 Nc5 32.Bc4 Bc6 33.b4 
b5 34.Be2 Ne6 35.f3 f6 36.Bb2 Kf7 37.h5 Ke7 38.Kf2 a6 39.Ke3 Kd6 40.Bc3 
Nc7 41.Be1 Bd5 42.a3 Ne6 43.Bd1 Bc6 44.Bc2 Ng5 45.f4 Ne6 46.Bf2 Bd5 47.Kd2
Kd7 48.Bd1 Ke7 49.Ba7 Kd7 50.a4 Bc6 51.a5 Bd5 52.Ke3 Kc6 53.Bc2 Kd7 54.Bg6
Kc6 55.Be8+ Kd6 56.f5 Nc7 57.Bc5+ Ke5 58.Bd7 Be4 59.Bd4+ Kd6 60.Bc8 Bb1 
61.Bc5+ Ke5 62.g4 Bc2 63.Kf3 Kd5 64.Bf8 Kc4 65.Bxg7 Kxb4 66.Bxh6 Bb3 67.
Bf4 1-0

[Event "23rd EUR-ch"]
[Site "Vrnjacka Banja SRB"]
[Date "2023.03.06"]
[Round "4.30"]
[White "Blohberger, Felix"]
[Black "Pechac, Jergus"]
[Result "0-1"]
[WhiteElo "2493"]
[BlackElo "2598"]
[EventDate "2023.03.03"]
[PlyCount "142"]

1.e4 e5 2.Nf3 Nc6 3.Bb5 Nf6 4.O-O Nxe4 5.Re1 Nd6 6.Nxe5 Be7 7.Bf1 Nxe5 8.
Rxe5 O-O 9.d4 Bf6 10.Re1 Re8 11.c3 Rxe1 12.Qxe1 Qe7 13.Qxe7 Bxe7 14.Bf4 b6
15.Nd2 Bb7 16.a4 a6 17.a5 b5 18.Nb3 Kf8 19.Nc5 Bc6 20.Rd1 Nc4 21.Bxc4 bxc4
22.Bxc7 Bxc5 23.dxc5 Re8 24.Kf1 Be4 25.Rxd7 Bd3+ 26.Rxd3 cxd3 27.Bd6+ Kg8 
28.Bf4 Re2 29.c6 Rxb2 30.Ke1 Re2+ 31.Kd1 Re6 32.c7 Rc6 33.Kd2 Kf8 34.Kxd3 
Ke7 35.c4 Kd7 36.Kd4 Re6 37.Kc5 Rc6+ 38.Kd5 Rf6 39.Ke4 Re6+ 40.Kd5 Re2 41.
Be3 Kxc7 42.h4 Re1 43.Bb6+ Kd7 44.g3 Ra1 45.Kd4 Kc6 46.Kd3 Ra3+ 47.Ke4 Rc3
48.Kd4 Rb3 49.Ke4 Rb4 50.Kd4 h5 51.Ba7 Rb7 52.Bb6 Re7 53.Kd3 Re5 54.Kd4 f6
55.Kd3 Re8 56.Be3 Re7 57.Bd4 Re1 58.Be3 Kd7 59.Ke4 Ke6 60.Kd3 Ra1 61.Bb6 
g5 62.hxg5 fxg5 63.Ke2 h4 64.gxh4 gxh4 65.Kf3 Rg1 66.Bc7 h3 67.c5 Kd5 68.
Bd6 Rg2 69.Be7 Rg6 70.Bd6 Rg8 71.Ke2 Rh8 0-1

[Event "23rd EUR-ch"]
[Site "Vrnjacka Banja SRB"]
[Date "2023.03.06"]
[Round "4.31"]
[White "Gharibian, Mamikon"]
[Black "Brkic, Ante"]
[Result "0-1"]
[WhiteElo "2491"]
[BlackElo "2596"]
[EventDate "2023.03.03"]
[PlyCount "64"]

1.d4 Nf6 2.c4 e6 3.Nf3 d5 4.Nc3 Bb4 5.Bg5 h6 6.Bxf6 Qxf6 7.e3 O-O 8.Rc1 
Nc6 9.cxd5 exd5 10.a3 Bxc3+ 11.Rxc3 Ne7 12.Bd3 c6 13.Ne5 Bf5 14.O-O Qe6 
15.b4 Rfe8 16.a4 a6 17.Qb3 f6 18.Bxf5 Nxf5 19.Nd3 Nd6 20.Nc5 Qf7 21.Rfc1 
Re7 22.h3 h5 23.Qd1 Rae8 24.Qf3 g5 25.h4 Qg6 26.Nxb7 Rxb7 27.Rxc6 Ne4 28.
hxg5 Qxg5 29.Rxa6 Rxb4 30.Ra7 Rb2 31.Qh3 f5 32.Qh2 Nxf2 0-1

[Event "23rd EUR-ch"]
[Site "Vrnjacka Banja SRB"]
[Date "2023.03.06"]
[Round "4.32"]
[White "Samunenkov, Ihor"]
[Black "Asadli, Vugar"]
[Result "1/2-1/2"]
[WhiteElo "2488"]
[BlackElo "2586"]
[EventDate "2023.03.03"]
[PlyCount "58"]

1.d4 Nf6 2.Nf3 g6 3.Nbd2 d5 4.b4 Bg7 5.e3 O-O 6.c4 c6 7.a4 Ne4 8.Bb2 Bf5 
9.Be2 Nd7 10.O-O Nxd2 11.Nxd2 h5 12.Rc1 e6 13.Qb3 Re8 14.Rfe1 Nf6 15.b5 
Ne4 16.Nxe4 dxe4 17.Bf1 h4 18.h3 e5 19.dxe5 Bxe5 20.c5 Qg5 21.Kh1 Be6 22.
Bc4 Bxc4 23.Rxc4 Qf5 24.Kg1 Rad8 25.Bxe5 Rxe5 26.Rd1 Rde8 27.bxc6 bxc6 28.
Rd6 Rd5 29.Qb7 Qe5 1/2-1/2

[Event "23rd EUR-ch"]
[Site "Vrnjacka Banja SRB"]
[Date "2023.03.06"]
[Round "4.33"]
[White "Gokerkan, Cem Kaan"]
[Black "Paravyan, David"]
[Result "1/2-1/2"]
[WhiteElo "2486"]
[BlackElo "2584"]
[EventDate "2023.03.03"]
[PlyCount "108"]

1.e4 e5 2.Nf3 Nf6 3.Nxe5 d6 4.Nf3 Nxe4 5.d4 d5 6.Bd3 Be7 7.O-O Nc6 8.Nbd2 
Nd6 9.c3 Bf5 10.Bc2 Bxc2 11.Qxc2 Bf6 12.Re1+ Ne7 13.Nf1 O-O 14.Bf4 Ng6 15.
Bxd6 Qxd6 16.Ng3 Qd7 17.Nh5 Rae8 18.Nxf6+ gxf6 19.Rxe8 Rxe8 20.Re1 Rxe1+ 
21.Nxe1 Nf4 22.h4 Qg4 23.g3 f5 24.Qd2 Ne6 25.Ng2 f4 26.Kh2 fxg3+ 27.fxg3 
Qe4 28.Qf2 f5 29.Ne3 f4 30.Ng4 Kg7 31.Ne5 Kf6 32.Nd7+ Ke7 33.Ne5 c5 34.Nf3
cxd4 35.Nxd4 Nxd4 36.Qxd4 Qe2+ 37.Kh3 f3 38.Qg7+ Kd6 39.Qf6+ Kc5 40.Qd4+ 
Kc6 41.Qa4+ Kd6 42.Qb4+ Ke6 43.Qg4+ Ke7 44.Qg5+ Kd6 45.Qf4+ Kd7 46.Qa4+ 
Kd8 47.Qa5+ Ke8 48.Qa4+ b5 49.Qxa7 h6 50.Qb8+ Kd7 51.Qb7+ Ke6 52.Qc8+ Ke7 
53.Qc7+ Ke6 54.Qc8+ Ke7 1/2-1/2

[Event "23rd EUR-ch"]
[Site "Vrnjacka Banja SRB"]
[Date "2023.03.06"]
[Round "4.34"]
[White "Moroni, Luca jr"]
[Black "Sadikhov, Ulvi"]
[Result "1/2-1/2"]
[WhiteElo "2578"]
[BlackElo "2485"]
[EventDate "2023.03.03"]
[PlyCount "66"]

1.d4 Nf6 2.c4 g6 3.Nc3 Bg7 4.e4 d6 5.Bd3 O-O 6.Nge2 Nc6 7.O-O e5 8.d5 Nd4 
9.Nxd4 exd4 10.Ne2 Re8 11.f3 c5 12.Bg5 Qc7 13.Ng3 a6 14.Qd2 Rb8 15.b3 b5 
16.h3 Nd7 17.f4 h6 18.Bh4 bxc4 19.bxc4 Rb4 20.Qc2 Qb6 21.Rab1 Qa5 22.e5 
Rxb1 23.Qxb1 dxe5 24.Bxg6 fxg6 25.Qxg6 Rf8 26.Nh5 Rf7 27.fxe5 Nxe5 28.Rxf7
Nxg6 29.Rxg7+ Kf8 30.Rxg6 d3 31.Rf6+ Kg8 32.Rg6+ Kf8 33.Rf6+ Kg8 1/2-1/2

[Event "23rd EUR-ch"]
[Site "Vrnjacka Banja SRB"]
[Date "2023.03.06"]
[Round "4.35"]
[White "Quparadze, Giga"]
[Black "Kobalia, Mikhail"]
[Result "1-0"]
[WhiteElo "2483"]
[BlackElo "2577"]
[EventDate "2023.03.03"]
[PlyCount "67"]

1.e4 e5 2.Nf3 Nc6 3.Bb5 Nf6 4.O-O Nxe4 5.d4 Nd6 6.Bxc6 dxc6 7.dxe5 Nf5 8.
Qxd8+ Kxd8 9.h3 Bd7 10.Rd1 Kc8 11.Nc3 h6 12.Ne2 b6 13.c4 g5 14.b3 c5 15.
Bb2 Be6 16.g4 Ne7 17.Ng3 Kb7 18.Ne1 Nc6 19.Nh5 Nd4 20.Bxd4 cxd4 21.Rxd4 
Bb4 22.Rd3 a5 23.Nc2 Bc5 24.Ng7 Bc8 25.Rf3 Rh7 26.Rxf7 h5 27.Ne3 Bd4 28.
Rd1 Bxe5 29.Ne6 Rxf7 30.Nd8+ Ka6 31.Nxf7 Bf4 32.gxh5 Bxh3 33.h6 Be6 34.Rd8
1-0

[Event "23rd EUR-ch"]
[Site "Vrnjacka Banja SRB"]
[Date "2023.03.06"]
[Round "4.36"]
[White "Svane, Frederik"]
[Black "Stankovic, Milos"]
[Result "1-0"]
[WhiteElo "2577"]
[BlackElo "2447"]
[EventDate "2023.03.03"]
[PlyCount "67"]

1.e4 c5 2.Nf3 d6 3.d4 cxd4 4.Nxd4 Nf6 5.Nc3 Bd7 6.Be2 Nc6 7.Be3 a6 8.Nb3 
e6 9.g4 h6 10.f4 Be7 11.Qd2 b5 12.a3 g5 13.O-O-O gxf4 14.Bxf4 Ne5 15.Qd4 
Qc7 16.h4 Bc6 17.Rhg1 Nfd7 18.Qe3 Bxh4 19.Bxh6 Be7 20.g5 Rg8 21.Bh5 Qb6 
22.Qh3 Ng6 23.Nd4 O-O-O 24.Rgf1 Nde5 25.Nd5 Qb7 26.Nxc6 Nxc6 27.Rxf7 Bxg5+
28.Bxg5 Qxf7 29.Rf1 Qe8 30.Bxd8 Qxd8 31.Qxe6+ Kb8 32.Bxg6 Qg5+ 33.Kb1 Qxg6
34.Rf8+ 1-0

[Event "23rd EUR-ch"]
[Site "Vrnjacka Banja SRB"]
[Date "2023.03.06"]
[Round "4.37"]
[White "Fromm, Marius"]
[Black "Goriachkina, Aleksandra"]
[Result "1/2-1/2"]
[WhiteElo "2428"]
[BlackElo "2576"]
[EventDate "2023.03.03"]
[PlyCount "51"]

1.e4 e5 2.Nf3 Nc6 3.Bb5 Nf6 4.O-O Nxe4 5.Re1 Nd6 6.Nxe5 Be7 7.Bf1 Nxe5 8.
Rxe5 O-O 9.d4 Bf6 10.Re1 Re8 11.Bf4 Rxe1 12.Qxe1 Ne8 13.c3 d5 14.Nd2 Bf5 
15.Qe3 h6 16.Qg3 Bh4 17.Qf3 Bg6 18.Re1 c6 19.g3 Bg5 20.h4 Bxf4 21.Qxf4 Qf6
22.Qxf6 Nxf6 23.Re7 Rb8 24.Bh3 Kf8 25.Re3 Re8 26.Rxe8+ 1/2-1/2

[Event "23rd EUR-ch"]
[Site "Vrnjacka Banja SRB"]
[Date "2023.03.06"]
[Round "4.38"]
[White "Kilic, Eray"]
[Black "Livaic, Leon"]
[Result "0-1"]
[WhiteElo "2415"]
[BlackElo "2569"]
[EventDate "2023.03.03"]
[PlyCount "68"]

1.d4 Nf6 2.c4 g6 3.Nf3 Bg7 4.g3 O-O 5.Bg2 d6 6.O-O Nc6 7.Nc3 a6 8.Re1 Rb8 
9.Rb1 Bf5 10.e4 Bg4 11.Be3 Nd7 12.h3 Bxf3 13.Bxf3 e5 14.dxe5 dxe5 15.b4 
Nd4 16.Bg2 a5 17.a3 Ra8 18.Ne2 axb4 19.axb4 c5 20.bxc5 Nxc5 21.Bxd4 exd4 
22.Nf4 d3 23.e5 Qd4 24.Bxb7 Ra2 25.Qf3 Bxe5 26.Bd5 Bxf4 27.gxf4 d2 28.Red1
Na4 29.c5 Rb2 30.Bb3 Rxb1 31.Rxb1 Nxc5 32.Bc2 Qc4 33.Bd1 Re8 34.f5 Qc1 0-1

[Event "23rd EUR-ch"]
[Site "Vrnjacka Banja SRB"]
[Date "2023.03.06"]
[Round "4.39"]
[White "Ibadov, Dashgyn"]
[Black "Dragnev, Valentin"]
[Result "1/2-1/2"]
[WhiteElo "2398"]
[BlackElo "2561"]
[EventDate "2023.03.03"]
[PlyCount "40"]

1.e4 c6 2.d4 d5 3.exd5 cxd5 4.Bd3 Nc6 5.c3 Nf6 6.h3 g6 7.Nf3 Bf5 8.Be2 Bg7
9.O-O O-O 10.Bf4 Re8 11.Nbd2 Ne4 12.Re1 Nxd2 13.Qxd2 a6 14.Bf1 Na5 15.g4 
Bd7 16.b3 Rc8 17.Ne5 Nc6 18.Nd3 b6 19.Re3 e6 20.Rae1 a5 1/2-1/2

[Event "23rd EUR-ch"]
[Site "Vrnjacka Banja SRB"]
[Date "2023.03.06"]
[Round "4.40"]
[White "Azarov, Sergei"]
[Black "Ohanian, Emin"]
[Result "1-0"]
[WhiteElo "2559"]
[BlackElo "2405"]
[EventDate "2023.03.03"]
[PlyCount "83"]

1.e4 e5 2.Nf3 Nc6 3.Bc4 Nf6 4.d3 Bc5 5.Bg5 h6 6.Bh4 Be7 7.Bg3 d6 8.a4 O-O 
9.O-O Be6 10.Nbd2 Qc8 11.c3 a5 12.Re1 Re8 13.Rc1 Bf8 14.Bb5 Nh5 15.d4 Nxg3
16.hxg3 Bd7 17.Nc4 exd4 18.cxd4 Qd8 19.Qb3 Nxd4 20.Nxd4 c6 21.Rcd1 cxb5 
22.Nxb5 Bxb5 23.Qxb5 Qc7 24.Nb6 Rad8 25.Rc1 Qe7 26.Qxa5 g6 27.Nd5 Qe5 28.
Qb5 Bg7 29.b4 Qb2 30.Qd3 h5 31.a5 Kf8 32.Rc2 Qe5 33.Rc7 Rc8 34.Rxb7 h4 35.
Nb6 Kg8 36.Nxc8 Rxc8 37.Qd5 Qf6 38.gxh4 Rc2 39.Rf1 Qf4 40.Qg5 Qxe4 41.Qd8+
Kh7 42.Rxf7 1-0

[Event "23rd EUR-ch"]
[Site "Vrnjacka Banja SRB"]
[Date "2023.03.06"]
[Round "4.41"]
[White "Secheres, Adrian-Simion"]
[Black "Gumularz, Szymon"]
[Result "1/2-1/2"]
[WhiteElo "2369"]
[BlackElo "2558"]
[EventDate "2023.03.03"]
[PlyCount "60"]

1.d4 g6 2.c4 Bg7 3.e4 d6 4.Nc3 c5 5.d5 Bxc3+ 6.bxc3 e5 7.Bd3 Nd7 8.Ne2 Qe7
9.O-O h5 10.Bd2 h4 11.Qc1 Kd8 12.Rb1 Kc7 13.Kh1 f6 14.Qa3 g5 15.Qa5+ Kb8 
16.Nc1 Nh6 17.Nb3 Nf7 18.Be3 g4 19.f4 exf4 20.Bxf4 Nfe5 21.Be2 h3 22.Nd2 
hxg2+ 23.Kxg2 Nb6 24.Bg3 Bd7 25.Rf2 Rh6 26.Nf1 Qh7 27.Rf4 Nc8 28.Qa6 Nb6 
29.Qa5 Nc8 30.Qa6 Nb6 1/2-1/2

[Event "23rd EUR-ch"]
[Site "Vrnjacka Banja SRB"]
[Date "2023.03.06"]
[Round "4.42"]
[White "Moussard, Jules"]
[Black "Wadsworth, Matthew"]
[Result "1-0"]
[WhiteElo "2684"]
[BlackElo "2439"]
[EventDate "2023.03.03"]
[PlyCount "63"]

1.e4 c5 2.Nf3 e6 3.d4 cxd4 4.Nxd4 Nc6 5.Nc3 Qc7 6.Be3 a6 7.g4 Ne5 8.f4 Ng6
9.Qf3 Ba3 10.Nd1 Bd6 11.e5 Bb4+ 12.c3 Be7 13.h4 Bxh4+ 14.Nf2 N8e7 15.O-O-O
Bxf2 16.Bxf2 Rb8 17.Bg3 b5 18.Rh2 Bb7 19.Qd3 Nd5 20.f5 Nxe5 21.Qe2 f6 22.
Kb1 Ke7 23.g5 Rbc8 24.gxf6+ gxf6 25.fxe6 dxe6 26.Bh3 Nxc3+ 27.bxc3 Qxc3 
28.Bxe6 Rc5 29.Bb3 Bc8 30.Be1 Bg4 31.Bxc3 Bxe2 32.Nxe2 1-0